000 00650nam a2200217Ia 4500
005 20241129120040.0
008 241129s9999||||xx |||||||||||||| ||und||
020 _a9781009273176
037 _aTB
040 _aSDCL
_beng
_cSDCL
041 _aeng
_2eng
084 _aV2:3(Y15)'N, R3
_qSDCL
100 _aPurkayastha Sharmila
_9729006
245 0 _aOf captivity and resistance: Women political prisoners in postcolonial India
260 _aNew Delhi
_bCambridge University Press
_c2023
300 _ax,325p.
365 _aINR
_b1450
650 _aPolitical Science
942 _cTB
_hV2:3(Y15)'N, R3
999 _c1233126
_d1233126